[Event "corr freechess"]
[Site "freechess.de"]
[Date "2013.04.25"]
[Round "?"]
[White "Hertel, Marco"]
[Black "Bueckmann, Wilhelm"]
[Result "1/2-1/2"]
[WhiteElo "1831"]
[BlackElo "1705"]
[PlyCount "89"]
[EventDate "2013.??.??"]
[EventType "tourn (corr)"]
[SourceTitle "OM Corr 202003"]
[Source "Opening Master"]
[SourceDate "2019.05.30"]
[SourceVersion "2"]
[SourceVersionDate "2019.05.30"]
[SourceQuality "1"]

1. e4 e5 2. Nf3 Nc6 3. c3 Nf6 4. d4 exd4 5. e5 Nd5 6. cxd4 Bb4+ 7. Bd2 Bxd2+ 8.
Qxd2 d6 9. Bb5 Bd7 10. exd6 cxd6 11. Nc3 Nxc3 12. bxc3 O-O 13. O-O a6 14. Bc4
Qf6 15. Qg5 Qxg5 16. Nxg5 h6 17. Ne4 Na5 18. Nxd6 Nxc4 19. Nxc4 Bb5 20. Nb6
Bxf1 21. Nxa8 Bxg2 22. Kxg2 Rxa8 23. Kf3 Rc8 24. Rc1 Kf8 25. Ke4 Ke7 26. c4 Ke6
27. d5+ Kd6 28. Kd4 Rc5 29. a4 b5 30. axb5 axb5 31. Rc3 bxc4 32. Rxc4 Rxd5+ 33.
Ke3 Ke6 34. f4 g6 35. Ra4 Kf5 36. h3 Rb5 37. Ra3 g5 38. fxg5 Kxg5 39. Kf3 f5
40. Kg3 Rb4 41. Rc3 h5 42. Ra3 Re4 43. Rb3 f4+ 44. Kf3 Re3+ 45. Rxe3 1/2-1/2

[Event "BUL-ch (Women) 62nd"]
[Site "Bankia"]
[Date "2013.04.23"]
[Round "7"]
[White "Sirkova, Darena"]
[Black "Raeva, Elitsa"]
[Result "1-0"]
[WhiteElo "1977"]
[BlackElo "2269"]
[PlyCount "105"]
[EventDate "2013.04.17"]
[EventType "tourn"]
[EventRounds "9"]
[EventCountry "BUL"]
[SourceTitle "CBM 154 Extra"]
[Source "ChessBase"]
[SourceDate "2013.06.25"]
[SourceVersion "2"]
[SourceVersionDate "2013.06.25"]
[SourceQuality "1"]

1. e4 e5 2. Nf3 Nc6 3. c3 d5 4. Bb5 f6 5. Nxe5 fxe5 6. Qh5+ g6 7. Qxe5+ Kf7 8.
Qxh8 Qh4 9. Bxc6 Qxe4+ 10. Kd1 Bg7 11. f3 Qd3 12. Be8+ Kf8 13. Qxh7 Bf5 14. Ba4
Nh6 15. Na3 Ng4 16. Bb5 Ne3+ 17. Ke1 Nc4 18. Qh4 g5 19. Bxc4 Re8+ 20. Kd1 dxc4
21. Qxc4 Re2 22. Qxd3 Bxd3 23. Rg1 c5 24. Nc2 Rf2 25. Ne3 b5 26. a4 b4 27. a5
Kf7 28. cxb4 cxb4 29. Ra4 Bf8 30. a6 Bd6 31. Ra5 Bxh2 32. Rh1 Bf4 33. Rd5 Bxa6
34. Rd7+ Kg6 35. Rxa7 Be2+ 36. Kc2 Bxe3 37. dxe3 Bxf3+ 38. Bd2 Be4+ 39. Kc1 b3
40. Ra6+ Kf5 41. Rb6 Bc2 42. Rb7 Kg4 43. Rb4+ Kf5 44. g4+ Kg6 45. Rb6+ Kf7 46.
Bc3 Ke7 47. e4 Kd7 48. e5 Kc7 49. Rf6 Re2 50. Re1 Rg2 51. e6 Bd3 52. e7 Rc2+
53. Kd1 1-0

[Event "Hessen-ch Seniors op 9th"]
[Site "Bad Sooden"]
[Date "2013.04.22"]
[Round "3"]
[White "Liszka, Guenter"]
[Black "Hegner, Peter"]
[Result "1-0"]
[WhiteElo "1949"]
[BlackElo "1802"]
[PlyCount "77"]
[EventDate "2013.04.20"]
[EventType "swiss"]
[EventRounds "9"]
[EventCountry "GER"]
[SourceTitle "OM OTB B 201907"]
[Source "Opening Master"]
[SourceDate "2019.07.06"]
[SourceVersion "2"]
[SourceVersionDate "2019.07.06"]
[SourceQuality "1"]

1. e4 e5 2. Nf3 Nc6 3. c3 Nf6 4. d4 exd4 5. e5 Nd5 6. cxd4 Bb4+ 7. Bd2 Qe7 8.
Nc3 Bxc3 9. bxc3 d6 10. Bb5 O-O 11. O-O a6 12. exd6 Qxd6 13. Bd3 Bg4 14. Bxh7+
Kh8 15. Be4 Rae8 16. Qc2 f5 17. Bxd5 Qxd5 18. Nh4 Qf7 19. f4 Qh5 20. Nf3 Re2
21. Qd3 Rfe8 22. Rf2 Bxf3 23. Rxf3 Qf7 24. d5 Nd8 25. Re3 R2xe3 26. Bxe3 Re4
27. Qd2 Qd7 28. Rb1 b5 29. Rf1 Nf7 30. Rf3 Nd6 31. Bd4 Re7 32. Rh3+ Kg8 33. Qf2
Qe8 34. Be5 Qg6 35. Qh4 Rxe5 36. fxe5 Ne4 37. Qd8+ Kf7 38. Qxc7+ Kg8 39. Qd8+
1-0

[Event "BI-2013-P-00014"]
[Site "Lechenicher SchachServer"]
[Date "2013.04.22"]
[Round "?"]
[White "Dyda, Tadeusz"]
[Black "Husemann, Andreas"]
[Result "1-0"]
[WhiteElo "2224"]
[BlackElo "2104"]
[PlyCount "89"]
[EventDate "2013.04.25"]
[EventType "tourn"]
[EventRounds "13"]
[SourceTitle "OM Corr 202003"]
[Source "Opening Master"]
[SourceDate "2019.05.30"]
[SourceVersion "2"]
[SourceVersionDate "2019.05.30"]
[SourceQuality "1"]

1. e4 e5 2. Nf3 Nc6 3. c3 Nf6 4. d4 Nxe4 5. d5 Ne7 6. Nxe5 Ng6 7. Nxg6 hxg6 8.
Bd3 Nf6 9. O-O Bd6 10. Re1+ Kf8 11. h3 Nxd5 12. Bxg6 Nf4 13. Bf5 Qg5 14. Bg4
Qd5 15. Qxd5 Nxd5 16. Nd2 Be7 17. Nb3 Nb6 18. a4 Nc4 19. a5 a6 20. Nd2 Nxd2 21.
Bxd2 d5 22. Bf4 Bxg4 23. hxg4 Rc8 24. g5 c6 25. Rad1 Re8 26. c4 Rd8 27. cxd5
cxd5 28. Re5 d4 29. Re4 f6 30. Rexd4 Rxd4 31. Rxd4 fxg5 32. Bd6 Rh4 33. Rxh4
gxh4 34. Bxe7+ Kxe7 35. Kh2 Kf6 36. Kh3 Kg5 37. g3 hxg3 38. fxg3 Kh5 39. g4+
Kg5 40. Kg3 Kf6 41. Kf4 Kg6 42. g5 Kf7 43. Kf5 g6+ 44. Ke5 Ke7 45. b4 1-0

[Event "BI-2013-P-00014"]
[Site "Lechenicher SchachServer"]
[Date "2013.04.22"]
[Round "?"]
[White "Dyda, Tadeusz"]
[Black "Tyle?ek, Drahomir"]
[Result "1-0"]
[WhiteElo "2224"]
[BlackElo "1948"]
[PlyCount "107"]
[EventDate "2013.04.25"]
[EventType "tourn"]
[EventRounds "13"]
[SourceTitle "OM Corr 202003"]
[Source "Opening Master"]
[SourceDate "2019.05.30"]
[SourceVersion "2"]
[SourceVersionDate "2019.05.30"]
[SourceQuality "1"]

1. e4 e5 2. Nf3 Nc6 3. c3 d5 4. Qa4 Bd7 5. exd5 Nd4 6. Qd1 Nxf3+ 7. Qxf3 Nf6 8.
Bc4 e4 9. Qe2 Be7 10. O-O O-O 11. d4 exd3 12. Qxd3 Bd6 13. Nd2 c6 14. Nf3 cxd5
15. Bb3 h6 16. Be3 Qa5 17. Rfe1 Rfe8 18. Rad1 Bb5 19. Qd2 Bc7 20. Nd4 Ne4 21.
Qc1 Bc6 22. Bxh6 gxh6 23. Qxh6 Qc5 24. f3 Re6 25. Qh5 Re5 26. Qh4 Nxc3 27. Rxe5
Bxe5 28. Qg5+ Bg7 29. bxc3 Re8 30. h4 Re5 31. Qd2 Bb5 32. Kh2 Bd7 33. f4 Re4
34. Nf3 Bh6 35. g3 Be6 36. Kg2 Bg7 37. Ng5 Re3 38. Re1 Rxe1 39. Qxe1 Qc6 40.
Nxe6 fxe6 41. h5 Bxc3 42. Qd1 Kf8 43. h6 a5 44. Qh5 Ke7 45. h7 Qe8 46. Qh6 Bf6
47. Bd1 Qc8 48. Bg4 Qh8 49. f5 exf5 50. Qe3+ Kf7 51. Bxf5 Qf8 52. Qb3 Kg7 53.
Qxb7+ Qe7 54. Qa6 1-0

[Event "BI-2013-P-00022"]
[Site "Lechenicher SchachServer"]
[Date "2013.04.22"]
[Round "?"]
[White "Kratky, Josef"]
[Black "Tanti, Joseph"]
[Result "0-1"]
[WhiteElo "1145"]
[BlackElo "1581"]
[PlyCount "58"]
[EventDate "2013.04.25"]

1. e4 e5 2. Nf3 Nc6 3. c3 Nf6 4. d4 Nxe4 5. d5 Ne7 6. Nxe5 Ng6 7. Qd4 Qf6 8.
Qxe4 Qxe5 9. Qxe5+ Nxe5 10. f4 Ng6 11. Bd3 Bc5 12. b4 Bd6 13. O-O a5 14. bxa5
Rxa5 15. c4 Bc5+ 16. Kh1 O-O 17. Bd2 Ra8 18. Bc3 Re8 19. f5 Ne5 20. Re1 d6 21.
Bxe5 Rxe5 22. Rxe5 dxe5 23. Nd2 Bd4 24. Rd1 Rxa2 25. Nf3 Bc3 26. Rc1 Ra3 27.
Be4 b6 28. h3 Kf8 29. g4 Ba6 0-1

[Event "BI-2013-P-00022"]
[Site "Lechenicher SchachServer"]
[Date "2013.04.22"]
[Round "?"]
[White "Kratky, Josef"]
[Black "Platov, Yurij"]
[Result "1/2-1/2"]
[WhiteElo "1145"]
[BlackElo "1148"]
[PlyCount "103"]
[EventDate "2013.04.25"]

1. e4 e5 2. Nf3 Nc6 3. c3 Nf6 4. d4 d5 5. exd5 Qxd5 6. Be3 Ng4 7. dxe5 Qxd1+ 8.
Kxd1 Nxe3+ 9. fxe3 Bg4 10. Be2 O-O-O+ 11. Ke1 Bc5 12. Kf2 Bxf3 13. Bxf3 Nxe5
14. b4 Bb6 15. a4 c6 16. a5 Bc7 17. Rd1 Nxf3 18. Rxd8+ Rxd8 19. gxf3 Be5 20. f4
Bf6 21. Ke2 g5 22. fxg5 Bxg5 23. Nd2 f5 24. Nf3 Bf6 25. Nd4 f4 26. Rf1 Be5 27.
Ne6 Re8 28. Nxf4 Bxc3 29. Rb1 Re4 30. b5 Bxa5 31. bxc6 bxc6 32. Kd3 Rb4 33.
Rxb4 Bxb4 34. Nh5 Be7 35. Kc4 Kc7 36. Nf4 a5 37. e4 Bd6 38. Ne6+ Kd7 39. Ng5 h5
40. Nf3 a4 41. e5 a3 42. Kb3 Bb4 43. Nd4 c5 44. Nf3 c4+ 45. Ka2 Ke6 46. h3 c3
47. Ne1 Bf8 48. Nd3 c2 49. Kb3 c1=Q 50. Nxc1 Kxe5 51. Ne2 Ke4 52. Ng3+ {
Draw agreed} 1/2-1/2

[Event "BI-2013-P-00014"]
[Site "Lechenicher SchachServer"]
[Date "2013.04.22"]
[Round "?"]
[White "Dyda, Tadeusz"]
[Black "Morcin, Tom"]
[Result "1/2-1/2"]
[WhiteElo "2224"]
[BlackElo "2067"]
[PlyCount "34"]
[EventDate "2013.04.25"]
[EventType "tourn"]
[EventRounds "13"]
[SourceTitle "OM Corr 202003"]
[Source "Opening Master"]
[SourceDate "2019.05.30"]
[SourceVersion "2"]
[SourceVersionDate "2019.05.30"]
[SourceQuality "1"]

1. e4 e5 2. Nf3 Nc6 3. c3 Nf6 4. d4 exd4 5. e5 Nd5 6. cxd4 Bb4+ 7. Bd2 Bxd2+ 8.
Qxd2 d6 9. Nc3 Nxc3 10. Qxc3 dxe5 11. dxe5 Qd5 12. Be2 Qe4 13. Qc4 Bf5 14. O-O
O-O-O 15. Qxf7 Nxe5 16. Nxe5 Qxe5 17. Rae1 Rhe8 1/2-1/2

[Event "BUL-ch (Women) 62nd"]
[Site "Bankia"]
[Date "2013.04.19"]
[Round "3"]
[White "Sirkova, Darena"]
[Black "Galunova, Tsveta"]
[Result "1/2-1/2"]
[WhiteElo "1977"]
[BlackElo "2101"]
[PlyCount "223"]
[EventDate "2013.04.17"]
[EventType "tourn"]
[EventRounds "9"]
[EventCountry "BUL"]
[SourceTitle "CBM 154 Extra"]
[Source "ChessBase"]
[SourceDate "2013.06.25"]
[SourceVersion "2"]
[SourceVersionDate "2013.06.25"]
[SourceQuality "1"]

1. e4 e5 2. Nf3 Nc6 3. c3 Nf6 4. d4 Nxe4 5. d5 Ne7 6. Nxe5 Ng6 7. Nxg6 hxg6 8.
Bd3 Nc5 9. Bc2 d6 10. Be3 Bf5 11. Bxf5 gxf5 12. Nd2 Nd3+ 13. Ke2 Ne5 14. Qb3
Qc8 15. Rae1 Be7 16. Kd1 f4 17. Bd4 O-O 18. Bxe5 dxe5 19. Rxe5 Qg4+ 20. f3 Qxg2
21. Rhe1 Bc5 22. Qb5 Be3 23. Qe2 Qg6 24. Ne4 f5 25. Re6 Qh5 26. Nd2 Rad8 27. c4
c6 28. Re5 Rfe8 29. Rxe8+ Qxe8 30. Qd3 cxd5 31. cxd5 Qa4+ 32. Ke2 Qxa2 33. Nc4
b5 34. Nxe3 fxe3 35. Qxb5 a6 36. Qb6 Rxd5 37. Kxe3 Qc4 38. Qe6+ Kh7 39. Kf2
Qd4+ 40. Kf1 Qc4+ 41. Re2 a5 42. Kg2 Qd3 43. Qe8 Rd6 44. Re6 Qd2+ 45. Kh3 Rxe6
46. Qxe6 Qg5 47. Qd5 a4 48. Qd4 Qc1 49. Qe5 Qc2 50. Kg3 Kg6 51. Qe6+ Kh7 52. h4
Qxb2 53. Qxf5+ Kg8 54. Qd5+ Kh7 55. Qh5+ Kg8 56. Qe8+ Kh7 57. Qxa4 Qc1 58. Qe4+
Kg8 59. f4 Qg1+ 60. Qg2 Qe1+ 61. Qf2 Qc3+ 62. Qf3 Qe1+ 63. Kh3 Kh7 64. f5 Qe8
65. Qg3 Qf7 66. Qf3 Qe8 67. h5 Qf7 68. Qg4 Qf6 69. Kg3 Qd6+ 70. Qf4 Qd3+ 71.
Kg4 Qd1+ 72. Qf3 Qd4+ 73. Kh3 Qf6 74. Qe4 Qc3+ 75. Kg4 Qf6 76. Qa4 Qb6 77. Qf4
Qg1+ 78. Qg3 Qd4+ 79. Kh3 Qf6 80. Qd3 Kh8 81. Kg4 Qb6 82. Qg3 Qd4+ 83. Kh3 Qf6
84. Qb8+ Kh7 85. Qf4 Qc3+ 86. Kg4 Qb2 87. Qe4 Qf6 88. Qe6 Qd4+ 89. Kf3 Qd1+ 90.
Qe2 Qd5+ 91. Kf4 Qd4+ 92. Kg5 Qg1+ 93. Qg4 Qc1+ 94. Kh4 Qh1+ 95. Qh3 Qe4+ 96.
Qg4 Qh1+ 97. Kg3 Qg1+ 98. Kf4 Qd4+ 99. Kf3 Qd1+ 100. Kg3 Qg1+ 101. Kh4 Qh2+
102. Kg5 Qd2+ 103. Qf4 Qg2+ 104. Kh4 Qh1+ 105. Kg4 Qg2+ 106. Qg3 Qe4+ 107. Kg5
Qe7+ 108. Kf4 Qd6+ 109. Kg4 Qd4+ 110. Kh3 Qf6 111. Qf3 Qd4 112. Qg3 1/2-1/2

[Event "RUS-ch U20 Girls"]
[Site "Loo"]
[Date "2013.04.18"]
[Round "3"]
[White "Bivol, Alina"]
[Black "Rjanova, Valery"]
[Result "0-1"]
[WhiteElo "2223"]
[BlackElo "2170"]
[PlyCount "44"]
[EventDate "2013.04.16"]
[EventType "tourn"]
[EventRounds "9"]
[EventCountry "RUS"]
[SourceTitle "CBM 154 Extra"]
[Source "ChessBase"]
[SourceDate "2013.06.25"]
[SourceVersion "2"]
[SourceVersionDate "2013.06.25"]
[SourceQuality "1"]

1. e4 e5 2. Nf3 Nc6 3. c3 d5 4. Qa4 f6 5. Bb5 Nge7 6. exd5 Qxd5 7. O-O e4 8.
Nd4 Bd7 9. Nxc6 Nxc6 10. Bc4 Qh5 11. Qb5 f5 12. Be2 Qg6 13. d3 O-O-O 14. dxe4
Nd4 15. Qd3 fxe4 16. Qe3 Nxe2+ 17. Qxe2 Bh3 18. f4 exf3 19. Qxf3 Rd3 20. Qe2
Bc5+ 21. Kh1 Re8 22. Qc2 Rd1 0-1

[Event "Gran Canaria Cabildo Cup"]
[Site "Gran Canaria"]
[Date "2013.04.15"]
[Round "2"]
[White "Gutierrez Olivares, Daniel"]
[Black "Vega Gutierrez, Belinda Vidina"]
[Result "0-1"]
[WhiteElo "2360"]
[BlackElo "2139"]
[PlyCount "84"]
[EventDate "2013.04.11"]
[EventType "tourn"]
[EventRounds "7"]
[EventCountry "ESP"]
[SourceTitle "EXT 2015"]
[Source "ChessBase"]
[SourceDate "2014.11.20"]
[SourceVersion "1"]
[SourceVersionDate "2014.11.20"]
[SourceQuality "1"]

1. e4 e5 2. Nf3 Nc6 3. c3 d5 4. Qa4 dxe4 5. Nxe5 Qd5 6. Nxc6 bxc6 7. Bc4 Qd6 8.
O-O Be7 9. f3 exf3 10. Rxf3 Nf6 11. d4 Bg4 12. Bf4 Qd7 13. Rf2 O-O 14. Nd2 Bd6
15. h3 Bf5 16. Raf1 Bg6 17. Bg5 Nh5 18. Bh4 Ng3 19. Bxg3 Bxg3 20. Rf3 Bd6 21.
d5 Rad8 22. Nb3 Qe7 23. Nd4 Qe5 24. g3 cxd5 25. Nc6 Qe4 26. Nxd8 Bc5+ 27. Kh1
dxc4 28. Qd7 Qe2 29. Qd1 Qe8 30. Nb7 Bb6 31. Rf4 Qc8 32. Kh2 Qxb7 33. Qd2 Qc6
34. Re1 h6 35. Qg2 Qc5 36. Rd4 c6 37. Rd7 Bf5 38. Rd4 Be6 39. Qd2 Qf5 40. Rh4
Bd8 41. g4 Qg5 42. Qf2 Qxh4 0-1

[Event "BL2-Sued 1213"]
[Site "Germany"]
[Date "2013.04.14"]
[Round "9.1"]
[White "Starostits, Ilmars"]
[Black "Krejci, Jan1"]
[Result "0-1"]
[WhiteElo "2476"]
[BlackElo "2529"]
[PlyCount "76"]
[EventDate "2012.10.14"]
[EventType "team-tourn"]
[EventRounds "9"]
[EventCountry "GER"]
[SourceTitle "OM OTB B 201907"]
[Source "Opening Master"]
[SourceDate "2019.07.06"]
[SourceVersion "2"]
[SourceVersionDate "2019.07.06"]
[SourceQuality "1"]

1. e4 e5 2. Nf3 Nc6 3. c3 d5 4. Qa4 f6 5. exd5 Qxd5 6. d4 Bd7 7. Qd1 O-O-O 8.
Be2 e4 9. Nfd2 f5 10. Qb3 Nf6 11. O-O g5 12. Re1 Ne7 13. Nc4 f4 14. Ne5 Be8 15.
Bc4 Qd6 16. Nd2 Ng6 17. Nxe4 Nxe4 18. Rxe4 Nxe5 19. Rxe5 Qg6 20. Be6+ Kb8 21.
Bd5 c6 22. Re6 Qg7 23. Bc4 Bd7 24. Re1 Bd6 25. Bd2 f3 26. g3 h5 27. Be6 Rde8
28. Bxg5 Bxe6 29. Rxe6 Qxg5 30. Rae1 Rd8 31. c4 Qf5 32. R6e3 h4 33. Rxf3 Qh5
34. Kf1 hxg3 35. hxg3 Bb4 36. Re4 Qh1+ 37. Ke2 Qe1+ 38. Kd3 Qd2# 0-1

[Event "Budapest FS04 FM-A"]
[Site "Budapest"]
[Date "2013.04.14"]
[Round "8"]
[White "Csapo, Zoltan"]
[Black "Lim, Kian Hwa"]
[Result "0-1"]
[WhiteElo "2080"]
[BlackElo "1882"]
[PlyCount "58"]
[EventDate "2013.04.06"]
[EventType "tourn"]
[EventRounds "9"]
[EventCountry "HUN"]
[SourceTitle "CBM 154 Extra"]
[Source "ChessBase"]
[SourceDate "2013.06.25"]
[SourceVersion "2"]
[SourceVersionDate "2013.06.25"]
[SourceQuality "1"]

1. e4 e5 2. Nf3 Nc6 3. c3 Be7 4. d4 d6 5. Bb5 Bd7 6. O-O Nf6 7. Qe2 O-O 8. Nbd2
exd4 9. cxd4 a6 10. Bd3 Bg4 11. Qe3 Bh5 12. h3 Bg6 13. Nh2 Re8 14. f4 h5 15. d5
Nxd5 16. exd5 Bf6 17. Qxe8+ Qxe8 18. Bxg6 Nd4 19. Bxh5 Qe3+ 20. Kh1 Nf5 21. Rf3
Ng3+ 22. Rxg3 Qxg3 23. Ndf1 Qe1 24. Rb1 Bd4 25. Be3 Qxb1 26. Bxd4 Qxa2 27. Ne3
Qb1+ 28. Nhf1 Re8 29. Kh2 Qd3 0-1

[Event "FICGS__CHESS__RAPID_E__000102"]
[Site "FICGS"]
[Date "2013.04.13"]
[Round "1"]
[White "Melquiades, Jay"]
[Black "Bromo, Alexis"]
[Result "0-1"]
[WhiteElo "982"]
[BlackElo "1123"]
[PlyCount "72"]
[EventDate "2013.??.??"]
[EventType "rapid"]

1. e4 e5 2. Nf3 Nc6 3. c3 h6 4. d4 d6 5. d5 Na5 6. b4 Nf6 7. bxa5 a6 8. Qa4+
Bd7 9. Qb3 b5 10. axb6 cxb6 11. Be3 b5 12. Nbd2 Bg4 13. c4 Bxf3 14. Nxf3 Be7
15. cxb5 axb5 16. Bxb5+ Nd7 17. O-O O-O 18. Bxh6 gxh6 19. Rad1 Nc5 20. Qb2 Nxe4
21. Rfe1 Nf6 22. Nxe5 dxe5 23. Qxe5 Bd6 24. Qd4 Rxa2 25. Re3 Qa5 26. Qc4 Ra1
27. Ree1 Qxe1+ 28. Rxe1 Rxe1+ 29. Qf1 Rxf1+ 30. Bxf1 Nxd5 31. Bc4 Rc8 32. Bf1
Kg7 33. h4 Kg6 34. g4 Nf4 35. h5+ Kg5 36. f3 Rc1 0-1

[Event "SB-2013-0-00300"]
[Site "Lechenicher SchachServer"]
[Date "2013.04.11"]
[Round "?"]
[White "Eshuis, Johannes"]
[Black "Schulz, Hans Juergen"]
[Result "1-0"]
[WhiteElo "1932"]
[BlackElo "1682"]
[PlyCount "41"]
[EventDate "2013.03.18"]
[EventType "tourn"]
[EventRounds "6"]
[SourceTitle "OM Corr 202003"]
[Source "Opening Master"]
[SourceDate "2019.05.30"]
[SourceVersion "2"]
[SourceVersionDate "2019.05.30"]
[SourceQuality "1"]

1. e4 e5 2. Nf3 Nc6 3. c3 Nf6 4. d4 Nxe4 5. d5 Nb8 6. Nxe5 Qe7 7. Qd4 d6 8.
Bb5+ Bd7 9. Bxd7+ Nxd7 10. Nxd7 Ng3+ 11. Be3 Nxh1 12. Nxf8 Rxf8 13. Nd2 f6 14.
f3 O-O-O 15. Qxa7 Qe5 16. O-O-O Qxh2 17. Nc4 Qh4 18. Qa4 g5 19. Kc2 Qg3 20. Rd2
Qh2 21. Kb3 1-0

[Event "Budapest FS04 FM-A"]
[Site "Budapest"]
[Date "2013.04.10"]
[Round "5"]
[White "Csapo, Zoltan"]
[Black "Kozak, Adam"]
[Result "0-1"]
[WhiteElo "2080"]
[BlackElo "2035"]
[PlyCount "136"]
[EventDate "2013.04.06"]
[EventType "tourn"]
[EventRounds "9"]
[EventCountry "HUN"]
[SourceTitle "CBM 154 Extra"]
[Source "ChessBase"]
[SourceDate "2013.06.25"]
[SourceVersion "2"]
[SourceVersionDate "2013.06.25"]
[SourceQuality "1"]

1. e4 e5 2. Nf3 Nc6 3. c3 Nf6 4. d4 exd4 5. e5 Nd5 6. Bc4 Nb6 7. Bb3 Be7 8.
cxd4 d6 9. exd6 Qxd6 10. d5 Ne5 11. Nxe5 Qxe5+ 12. Be3 Bd6 13. Nc3 O-O 14. Qf3
Bf5 15. g3 Bd3 16. O-O-O Bg6 17. Rhe1 Qf5 18. Qxf5 Bxf5 19. Nb5 Rfc8 20. Kd2
Bb4+ 21. Nc3 Bg4 22. Rc1 Rd8 23. Bxb6 axb6 24. Re4 Bxc3+ 25. Kxc3 Bf5 26. Re7
Rd7 27. Rce1 Kf8 28. R7e5 Bg6 29. Bc4 f6 30. R5e3 Bf7 31. Rd3 Re7 32. Rxe7 Kxe7
33. d6+ cxd6 34. Bxf7 Kxf7 35. Rxd6 Rxa2 36. Rd7+ Kg6 37. Rxb7 Ra1 38. Rxb6 Rf1
39. Rd6 Rxf2 40. h4 Kf5 41. Rd2 Rf1 42. b4 g5 43. hxg5 fxg5 44. b5 Rb1 45. Rb2
Rc1+ 46. Kd2 Rc7 47. Ke3 Kg4 48. Kf2 Kh3 49. b6 Rf7+ 50. Ke3 Rb7 51. Kf3 h5 52.
Rb5 h4 53. gxh4 g4+ 54. Kf4 g3 55. h5 g2 56. Rb3+ Kh4 57. Rb1 Rf7+ 58. Ke5 Rf1
59. Rxf1 gxf1=Q 60. Kd6 Qf7 61. Kc6 Qc4+ 62. Kd7 Qb5+ 63. Kc7 Qc5+ 64. Kb7 Kxh5
65. Ka8 Qa5+ 66. Kb7 Kg6 67. Kc6 Kf7 68. b7 Qd8 0-1

[Event "ROM-ch U08 Girls"]
[Site "Calimanesti"]
[Date "2013.04.08"]
[Round "9"]
[White "Otetea, Ioana"]
[Black "Obada, Ema"]
[Result "0-1"]
[WhiteElo "1199"]
[BlackElo "1117"]
[PlyCount "104"]
[EventDate "2013.04.02"]
[EventType "swiss"]
[EventRounds "9"]
[EventCountry "ROU"]
[SourceTitle "CBM 153 Extra"]
[Source "ChessBase"]
[SourceDate "2013.04.22"]
[SourceVersion "1"]
[SourceVersionDate "2013.04.22"]
[SourceQuality "1"]

1. e4 e5 2. Nf3 Nc6 3. c3 Qe7 4. Bc4 h6 5. O-O d6 6. h3 Nf6 7. Qc2 Be6 8. Na3
Qd7 9. Bxe6 fxe6 10. d4 exd4 11. cxd4 e5 12. Be3 Qf7 13. d5 Nd8 14. Nb5 c6 15.
dxc6 Nxc6 16. Rfd1 Rd8 17. Nxa7 Nxa7 18. Bxa7 Be7 19. Bb6 Rb8 20. Qa4+ Nd7 21.
Rac1 Qe6 22. Rc7 Bd8 23. Ba7 Bxc7 24. Bxb8 Bxb8 25. Rc1 O-O 26. b3 Nc5 27. Qb5
Qg6 28. Re1 Rxf3 29. Kh1 Rxf2 30. Rg1 Rf8 31. b4 Nxe4 32. Qxb7 Qf5 33. Qd5+ Kh8
34. a4 Qf4 35. g3 Qf3+ 36. Kh2 Qf2+ 37. Kh1 Nxg3+ 38. Rxg3 Qxg3 39. Qg2 Qxg2+
40. Kxg2 Rf4 41. Kg3 Rxb4 42. a5 Ra4 43. Kf3 e4+ 44. Ke3 d5 45. a6 Ba7+ 46. Ke2
e3 47. h4 d4 48. h5 Ra3 49. Kd1 Ra2 50. Kc1 e2 51. Kb1 Rd2 52. Kc1 e1=Q# 0-1

[Event "Budapest FS04 FM-A"]
[Site "Budapest"]
[Date "2013.04.08"]
[Round "3"]
[White "Csapo, Zoltan"]
[Black "Csetneki, Mark"]
[Result "1-0"]
[WhiteElo "2080"]
[BlackElo "1845"]
[PlyCount "65"]
[EventDate "2013.04.06"]
[EventType "tourn"]
[EventRounds "9"]
[EventCountry "HUN"]
[SourceTitle "CBM 154 Extra"]
[Source "ChessBase"]
[SourceDate "2013.06.25"]
[SourceVersion "2"]
[SourceVersionDate "2013.06.25"]
[SourceQuality "1"]

1. e4 e5 2. Nf3 Nc6 3. c3 Nf6 4. d4 d5 5. Bb5 exd4 6. e5 Nd7 7. cxd4 Nb6 8. O-O
Be7 9. Nc3 O-O 10. Be3 f5 11. Qd2 a6 12. Bxc6 bxc6 13. b3 h6 14. Ne1 g5 15. g3
a5 16. f3 Qe8 17. Rf2 Qg6 18. Nd3 Kh7 19. Kh1 a4 20. Rg1 axb3 21. axb3 Ba6 22.
Nc5 Bxc5 23. dxc5 Nd7 24. h4 f4 25. gxf4 Qf5 26. Rg4 Bd3 27. Kh2 gxh4 28. Rfg2
Rg8 29. Qf2 h3 30. Rg1 Bc2 31. Qh4 Rae8 32. Ne2 Qd3 33. Qxh6+ 1-0

[Event "ROM-ch U10 Girls"]
[Site "Calimanesti"]
[Date "2013.04.07"]
[Round "8"]
[White "Parausanu, Adriana Georgia"]
[Black "Stana, Bianca Elena"]
[Result "0-1"]
[WhiteElo "1001"]
[BlackElo "1001"]
[PlyCount "74"]
[EventDate "2013.04.02"]
[EventType "swiss"]
[EventRounds "9"]
[EventCountry "ROU"]
[SourceTitle "CBM 153 Extra"]
[Source "ChessBase"]
[SourceDate "2013.04.22"]
[SourceVersion "1"]
[SourceVersionDate "2013.04.22"]
[SourceQuality "1"]

1. e4 e5 2. Nf3 Nc6 3. c3 Nf6 4. d3 d6 5. Nbd2 Bd7 6. d4 Be7 7. Bd3 O-O 8. O-O
a6 9. Nc4 exd4 10. cxd4 b5 11. Na3 Na7 12. Ng5 c5 13. Nc2 c4 14. Be2 h6 15. Nh3
Bxh3 16. gxh3 Nxe4 17. Bf3 Rc8 18. Bxe4 Bh4 19. Qg4 Qf6 20. b3 c3 21. Nb4 g5
22. Nd5 Qd8 23. Qh5 Rb8 24. Qxh6 f5 25. Qg6+ Kh8 26. Bxf5 Rb7 27. Qh7+ Rxh7 28.
Bxh7 Kxh7 29. Nxc3 Qc7 30. Nd5 Qc2 31. Ne3 Qe4 32. Ng4 Qe2 33. Ne3 Bxf2+ 34.
Rxf2 Qxf2+ 35. Kh1 Rf3 36. d5 Rxh3 37. Ng4 Qf1# 0-1

[Event "Bundesliga 1213"]
[Site "Germany"]
[Date "2013.04.06"]
[Round "14.3"]
[White "Feuerstack, Aljoscha"]
[Black "Murdzia, Piotr"]
[Result "0-1"]
[WhiteElo "2421"]
[BlackElo "2471"]
[PlyCount "134"]
[EventDate "2012.10.20"]
[EventType "team-tourn"]
[EventRounds "15"]
[EventCountry "GER"]
[SourceTitle "CBM 154"]
[Source "ChessBase"]
[SourceDate "2013.05.15"]
[SourceVersion "1"]
[SourceVersionDate "2013.05.15"]
[SourceQuality "1"]
[WhiteTeam "Norderstedt"]
[BlackTeam "Griesheim"]
[WhiteTeamCountry "GER"]
[BlackTeamCountry "GER"]

1. e4 e5 2. Nf3 Nc6 3. c3 Nf6 4. d4 d6 5. h3 Be7 6. Bd3 O-O 7. O-O Re8 8. Re1
Bf8 9. Na3 exd4 10. cxd4 d5 11. e5 Ne4 12. Bxe4 dxe4 13. Rxe4 Qd5 14. Qe2 Bxa3
15. bxa3 Be6 16. Rh4 h6 17. a4 Rad8 18. Ba3 Qc4 19. Qxc4 Bxc4 20. Bb2 Bd5 21.
Nd2 Re6 22. Nf1 Ne7 23. Rc1 Rc6 24. Rxc6 Bxc6 25. Ne3 Nd5 26. Rg4 Kh7 27. a5 g5
28. Nxd5 Rxd5 29. Bc3 Rb5 30. h4 Bd7 31. Rg3 gxh4 32. Rf3 Be6 33. Rf6 Rb1+ 34.
Kh2 Rd1 35. f4 Rd3 36. f5 Bd5 37. Be1 Rxd4 38. Kh3 Re4 39. Bd2 Rxe5 40. Rxh6+
Kg7 41. Rh5 f6 42. Bh6+ Kg8 43. Bf4 Re2 44. Bxc7 Bxg2+ 45. Kxh4 Rc2 46. Bb8
Rxa2 47. Kg3 Bc6 48. Bxa7 Rxa5 49. Bd4 Kg7 50. Rg5+ Kf7 51. Rh5 Rd5 52. Bb2
Rd3+ 53. Kf4 Rf3+ 54. Kg4 Rb3 55. Rh7+ Kg8 56. Rh2 Rb4+ 57. Kg3 Kg7 58. Rd2 Kf7
59. Rh2 Be4 60. Rh7+ Kg8 61. Rh4 Rb3+ 62. Kf4 Rxb2 63. Rh6 Bb1 64. Rxf6 Rb5 65.
Rg6+ Kf7 66. Rg5 Kf6 67. Rg6+ Ke7 0-1